00568nam a2200217Ia 4500008004100000020001800041040000600059041001200065082001200077082001100089100002300100245004100123245002300164260001400187260002200201260000900223300005500232300001000287365002500297501002800322141004s9999 xx 000 0 und d a81 8158 028 1 ca aEnglish a599.756 bSAN/TI aKailash Sankhala aTiger: The story of the Indian tiger cKailash Sankhala aDehra Dun bNatraj publishers c2005 a220 p.  b24 cm aRs.450  aKAUCOF